| 000 | 00848nam a2200265 a 4500 | ||
|---|---|---|---|
| 999 |
_c12231 _d12231 |
||
| 001 | 12231 | ||
| 003 | BD-JhCC | ||
| 005 | 20221011134023.0 | ||
| 008 | 210829b2020 bg a|||| ||a| 001 0 ben d | ||
| 020 | _a9789849268277 | ||
| 035 | _a(BD-JhCC)12231 | ||
| 040 |
_aBD-JhCC _dBD-JhCC |
||
| 041 | _aBengali | ||
| 082 |
_223 _a658 _bCOL 2020 |
||
| 100 | _aকলিন্স, জিম | ||
| 245 |
_aগুড টু গ্রেট / _cজিম কলিন্স, অনুঃ প্রমিত হোসেন । |
||
| 260 |
_aঢাকা: _bচর্চা গ্রন্থ প্রকাশ; _c২০২০. |
||
| 300 |
_a352 p. : _bill; _c22 cm. |
||
| 650 | _aLeadership | ||
| 650 | _aStrategic plannaig | ||
| 650 | _asuccess in busing | ||
| 700 | _a হোসেন ,প্রমিত | ||
| 942 |
_2ddc _cBK _02 |
||